| 000 | 00797nam a2200217 a 4500 | ||
|---|---|---|---|
| 001 | 000253256 | ||
| 003 | AM-YeHGA | ||
| 005 | 20250618071711.0 | ||
| 008 | 030808s1987 ai ||||gr|||||||||1|arm|d | ||
| 040 | _aAM-YeHGA | ||
| 041 | 0 | _aarm | |
| 100 | 1 |
_aԱբազյան, Աշխեն Մեխակի, _d1938- |
|
| 245 | 1 | 0 |
_aԱնտառային դասեր : _b[Վիպակներ և պատմվածքներ] / _cԱ. Աբազյան ; Խմբ.՝ Լ. Սարգսյան. |
| 260 |
_aԵրևան : _bԱրևիկ, _c1987. |
||
| 300 |
_a180 էջ ; _c20 սմ. |
||
| 650 | 1 | 4 |
_aՀայ գրականություն _xՎիպակ |
| 650 | 1 | 4 |
_aՀայ գրականություն _xՊատմվածք |
| 700 | 1 |
_aՍարգսյան, Լիպարիտ Տիգրանի, _d1938-2023 _eխմբ. _4edt _91060 |
|
| 942 |
_2udc _cBK |
||
| 090 | _c92266 | ||
| 999 |
_c90971 _d90971 |
||